| 000 -CABECERA |
| campo de control de longitud fija |
01818nam a2200373 u 4500 |
| 001 - NÚMERO DE CONTROL |
| campo de control |
000038320 |
| 005 - FECHA Y HORA DE LA ÚLTIMA TRANSACCIÓN |
| campo de control |
20200120222320.0 |
| 008 - DATOS DE LONGITUD FIJA--INFORMACIÓN GENERAL |
| campo de control de longitud fija |
100419s2006 sp a br 001 p spa d |
| 020 ## - NÚMERO INTERNACIONAL ESTÁNDAR DEL LIBRO |
| Número Internacional Estándar del Libro |
9788424180485. |
| 043 ## - CÓDIGO DE ÁREA GEOGRÁFICA |
| Código de área geográfica |
e-sp--- |
| 090 ## - LOCALMENTE ASIGNADO TIPO-LC NÚMERO DE CLASIFICACIÓN (OCLC); NÚMERO DE CLASIFICACIÓN LOCAL (RLIN) |
| Número de clasificación (OCLC) (R) ; Numero de clasificación, CALL (RLIN) (NR) |
P |
| Número cutter local (OCLC) ; Número de libro/Signatura topográfica íntegra, CALL (RLIN) |
MUSPO |
| 245 10 - MENCIÓN DE TÍTULO |
| Título |
Música y poesía para niños / |
| Mención de responsabilidad, etc. |
selección de Alfonso García ; música de Ángel Barja ; ilustrado por José Pérez Montero ; dirección editorial : Raquel López Varela ; coordinación editorial : Ana María García Alonso ; diseño : Francisco A Morais. |
| 250 ## - MENCIÓN DE EDICIÓN |
| Mención de edición |
2a. ed. |
| 260 ## - PUBLICACIÓN, DISTRIBUCIÓN, ETC. |
| Lugar de publicación, distribución, etc. |
Léon (España) : |
| Nombre del editor, distribuidor, etc. |
Everest, |
| Fecha de publicación, distribución, etc. |
2006. |
| 300 ## - DESCRIPCIÓN FÍSICA |
| Extensión |
102 p. : |
| Otras características físicas |
il. col. |
| 490 #0 - MENCIÓN DE SERIE |
| Mención de serie |
Leer es vivir |
| 500 ## - NOTA GENERAL |
| Nota general |
Audiencia : A partir de 8 años. |
| 500 ## - NOTA GENERAL |
| Nota general |
Incluye índice de canciones y poesías al final del texto. |
| 500 ## - NOTA GENERAL |
| Nota general |
Ej. 2 de Biblioparque Funza : 3a. ed. del 2009 con ISBN : 9788444143323. |
| 500 ## - NOTA GENERAL |
| Nota general |
Ej. 2, 3 y 4 de Biblioteca Mosquera : 3a. ed. del 2009 con ISBN : 9788444143323. |
| 500 ## - NOTA GENERAL |
| Nota general |
Ej.1 de Mosquera donado por la Biblioteca Nacional - PNLB 2012. |
| 520 3# - SUMARIO, ETC. |
| Sumario, etc. |
"Música y poesía han ido siempre juntas. La música para vestir a la poesía; la poesía para dar cuerpo a la música. La palabra se crece para ser recitada y se ilumina al ser cantada. Música y poesía para niños, para que descubran el mundo por el camino más puro, por su verdad más honda." |
| 650 14 - PUNTO DE ACCESO ADICIONAL DE MATERIA--TÉRMINO DE MATERIA |
| Término de materia o nombre geográfico como elemento de entrada |
Poesía infantil. |
| 650 24 - PUNTO DE ACCESO ADICIONAL DE MATERIA--TÉRMINO DE MATERIA |
| Término de materia o nombre geográfico como elemento de entrada |
Literatura infantil. |
| 650 24 - PUNTO DE ACCESO ADICIONAL DE MATERIA--TÉRMINO DE MATERIA |
| Término de materia o nombre geográfico como elemento de entrada |
Literatura española. |
| 650 24 - PUNTO DE ACCESO ADICIONAL DE MATERIA--TÉRMINO DE MATERIA |
| Término de materia o nombre geográfico como elemento de entrada |
Música en la literatura. |
| 650 24 - PUNTO DE ACCESO ADICIONAL DE MATERIA--TÉRMINO DE MATERIA |
| Término de materia o nombre geográfico como elemento de entrada |
Sentimientos en la literatura. |
| 700 1# - PUNTO DE ACCESO ADICIONAL--NOMBRE DE PERSONA |
| Nombre de persona |
García, Alfonso, |
| Término indicativo de función/relación |
comp. |
| 700 1# - PUNTO DE ACCESO ADICIONAL--NOMBRE DE PERSONA |
| Nombre de persona |
Barja, Ángel, |
| Término indicativo de función/relación |
mus. |
| 700 1# - PUNTO DE ACCESO ADICIONAL--NOMBRE DE PERSONA |
| Nombre de persona |
Pérez Montero, José, |
| Término indicativo de función/relación |
il. |
| 700 1# - PUNTO DE ACCESO ADICIONAL--NOMBRE DE PERSONA |
| Nombre de persona |
López Varela, Raquel, |
| Término indicativo de función/relación |
dir. |
| 700 1# - PUNTO DE ACCESO ADICIONAL--NOMBRE DE PERSONA |
| Nombre de persona |
García Alonso, Ana María, |
| Término indicativo de función/relación |
coor. |
| 700 1# - PUNTO DE ACCESO ADICIONAL--NOMBRE DE PERSONA |
| Nombre de persona |
Morais, Francisco A., |
| Término indicativo de función/relación |
dise. |